000 00470nam a22001932 4500
001 0000005457
005 20170406120710.0
008 150106s xx 000 0 eng d
020 _c$
040 _aYour Holding Symbol
_cYour Holding Symbol
100 1 _aKUNG.HANS.
245 1 4 _aThe church.
250 _a ed.
260 _aNew york :
_bsheen,
_c1967.
300 _a515 p. ;
_c cm.
504 _aindex.
650 0 _achurch.
908 _a150106
999 _c5254
_d5254